| 000 | 01020nam a2200337 c 4500 | ||
|---|---|---|---|
| 001 | 53469 | ||
| 003 | ES-MaCES | ||
| 005 | 20250203133124.0 | ||
| 008 | 2412092024 sp f 000 | spa d | ||
| 017 |
_aM 15395-2024 _bDL |
||
| 020 | _a9788430990566 | ||
| 040 |
_aES-MaCES _bspa _cES-MaCES |
||
| 100 | 1 |
_aSánchez Morón, Miguel _923308 |
|
| 245 | 1 | 0 |
_aDerecho administrativo _pParte general _cMiguel Sánchez Morón |
| 250 | _a20ª ed | ||
| 260 |
_aMadrid _bTecnos _c2024 |
||
| 300 |
_a983 p. _c24 cm |
||
| 504 | _aBibliografía | ||
| 541 | _cCompra | ||
| 650 | 4 |
_aadministración pública _927214 |
|
| 650 | 4 |
_aderecho administrativo _927155 |
|
| 650 | 4 |
_aprocedimiento administrativo _930919 |
|
| 650 | 4 |
_aComunidades Autónomas _930768 |
|
| 650 | 4 |
_aderecho comunitario _929866 |
|
| 650 | 4 |
_aEspaña _926964 |
|
| 650 | 4 |
_amanual _929264 |
|
| 653 | 1 | 0 | _aDerecho administrativo |
| 775 | 0 |
_tDerecho administrativo. Parte general _w(ES-MaCES)52953 |
|
| 902 | _aLIB Libro | ||
| 942 |
_2CES _cBK _h6.0.2. |
||
| 999 |
_c53469 _d53469 |
||